Liber evangeliorum : knižní malba Beuronské umělecké školy = die Buchmalerei der Beuroner Kunstschule /

Hlavní autor: Gröger, Augustinus, 1942-
Další autoři: Bubna-Litic, Monica, 1950-, Kunštát, Miroslav, 1958-, Navrátilová, Hana, Přibyl, Stanislav, 1971-, Scholz, Stefan, 1970-, Pešinová-Couvreur, Blanka
Jazyk: Němčina
Čeština
Vydáno: Praha : Nadační fond Malakim ve spolupráci se Spolkem přátel beuronského umění, 2016
Témata:
Fyzický popis: 232 stran : barevné ilustrace, faksimile ; 33 cm
Language note: Německý text souběžně česky
Knihy
Uloženo v:
LEADER 03032nam a2200697 i 4500
001 nkc20162860366
003 CZ PrNK
005 20170206102139.0
007 ta
008 161208s2016 xr ah f 000 0 ger
015 |a cnb002860366 
020 |a 978-80-906334-0-7  |q (Nadační fond Malakim ;  |q vázáno) 
035 |a (OCoLC)972638011 
040 |a BOA001  |b cze  |d ABA001  |e rda 
041 1 |a ger  |a cze  |h cze  |h ger 
043 |a e-xr--- 
045 |a w9x1 
072 7 |a 75  |x Malířství  |2 Konspekt  |9 21 
080 |a 27-247-282.7  |2 MRF 
080 |a 75.056/.057  |2 MRF 
080 |a 7.035  |2 MRF 
080 |a (437.3)  |2 MRF 
080 |a (048.8:082)  |2 MRF 
080 |a (084.11)  |2 MRF 
100 1 |a Gröger, Augustinus,  |d 1942-  |7 mzk2017938780  |4 aut 
245 1 0 |a Liber evangeliorum :  |b knižní malba Beuronské umělecké školy = die Buchmalerei der Beuroner Kunstschule /  |c autoři Augustinus Gröger, Monica Bubna-Litic, Miroslav Kunštát, Hana Navrátilová ; překlady Monica Bubna-Litic, Miroslav Kunštát, Stanislav Přibyl, Stefan Scholz, Blanka Pešinová-Couvreur 
246 3 0 |a Knižní malba Beuronské umělecké školy 
246 3 0 |a Buchmalerei der Beuroner Kunstschule 
264 1 |a Praha :  |b Nadační fond Malakim ve spolupráci se Spolkem přátel beuronského umění,  |c 2016 
300 |a 232 stran :  |b barevné ilustrace, faksimile ;  |c 33 cm 
336 |a text  |b txt  |2 rdacontent 
336 |a statický obraz  |b sti  |2 rdacontent 
337 |a bez média  |b n  |2 rdamedia 
338 |a svazek  |b nc  |2 rdacarrier 
504 |a Obsahuje bibliografii a bibliografické odkazy 
546 |a Německý text souběžně česky 
630 0 7 |a Svatogabrielský evangeliář  |7 unn2017939523  |2 czenas 
648 7 |a 19.-20. století  |7 ch757015  |2 czenas 
648 4 |a 1899-1913 
650 0 7 |a evangeliáře  |7 ph120047  |z Česko  |y 19.-20. století  |2 czenas 
650 0 7 |a iluminace rukopisů  |7 ph114753  |z Česko  |y 19.-20. století  |2 czenas 
650 0 7 |a Beuronská umělecká škola  |7 ph138572  |z Česko  |2 czenas 
650 0 9 |a evangeliaries  |z Czechia  |y 19th-20th centuries  |2 eczenas 
650 0 9 |a illumination of manuscripts  |z Czechia  |y 19th-20th centuries  |2 eczenas 
650 0 9 |a Beuron art school  |z Czechia  |2 eczenas 
655 7 |a kolektivní monografie  |7 fd501537  |2 czenas 
655 7 |a obrazové publikace  |7 fd132947  |2 czenas 
655 9 |a collective monographs  |2 eczenas 
655 9 |a pictorial works  |2 eczenas 
700 1 |a Bubna-Litic, Monica,  |d 1950-  |7 pna2008482553  |4 aut  |4 trl 
700 1 |a Kunštát, Miroslav,  |d 1958-  |7 js20020122011  |4 aut  |4 trl 
700 1 |a Navrátilová, Hana  |7 jx20100106020  |4 aut 
700 1 |a Přibyl, Stanislav,  |d 1971-  |7 xx0023756  |4 trl 
700 1 |a Scholz, Stefan,  |d 1970-  |7 xx0086662  |4 trl 
700 1 |a Pešinová-Couvreur, Blanka  |7 jk01092664  |4 trl 
910 2 |a BOA001  |b 4-1378.389 
928 9 |a Spolek přátel beuronského umění 
990 |a BK 
995 |a 01 
991 |b 201701  |c NOV 
996 6 |b 2610691760  |c 4-1378.389  |l MZK  |r Sklad / do 1 hodiny  |n 1  |p p.v.  |w 001593795  |u 000010  |a 1  |e BOA001  |j MZK50  |s P